Türkiye'de üniversite anlayışının gelişimi (1861-1961) (Record no. 2808)

MARC details
000 -BAŞLIK
Sabit Uzunlukta Kontrol Alanı 00865na a2200277 4500
001 - KONTROL NUMARASI
Denetim Alanı 17419
003 - KONTROL NUMARASI IDENTIFIER
Denetim Alanı MIRAKIL
005 - SON İŞLEM TARİHİ VE ZAMANI
Denetim Alanı 20181213154910.0
008 - SABİT-BOY VERİ ELEMANLARI - GENEL BİLGİLER
Sabit Uzunlukta Kontrol Alanı 161024b tu 000 0
020 ## - ULUSLARARASI STANDART KİTAP NUMARASI
Uluslararası Standart Kitap Numarası 9789944252072
040 ## - KATALOGLAMA KAYNAK
Orijinal Kataloglama Ajansı Milas
Kataloglama Dili tur
Metne Dönüştürmek Ajansı TR-AnCHP
041 ## - DİL KODU
Metin / Ses Parça Veya Ayrı Başlığın Dil Kodu tur
082 ## - DEWEY ONLU SINIFLANDIRMA NUMARASI
Sınıflandırma Numarası 378.561
Ürün Numarası T96 2007
090 ## - SINIFLAMA NUMARASI
Sınıflama Numarası 378.561 T96 2007
245 ## - BAŞLIK TABLOSU
Başlık Türkiye'de üniversite anlayışının gelişimi (1861-1961)
Sorumluluk Tablosu, Vb Editörler Namık Kemal Aras, Emre Dölen, Osman Bahadır
260 ## - YAYIN, DAĞITIM, VB
Yayın, Dağıtım, Vb Yeri Ankara
Yayıncı, Dağıtıcı, Vs Adı Türkiye Bilimler Akademisi Yayınları
Yayın, Dağıtım, Vb Tarihi 2007
300 ## - FİZİKSEL TANIM
Kapsam 556 s.
Diğer Fiziksel Ayrıntıları fotg. ; tbl.
Boyutlar 23 sm
490 ## - SERİSİ TABLOSU
Seri Beyanı Türkiye Bilimler Akademisi yayınları
Hacim / Ardışık Tanımı 15
650 ## - KONU KATMA GİRİŞ - TOPİKAL DÖNEM
Topikal Süreli Veya Coğrafi Ad Giriş Elemanı Yüksek öğretim
Coğrafi Alt Bölümü Türkiye
650 ## - KONU KATMA GİRİŞ - TOPİKAL DÖNEM
Topikal Süreli Veya Coğrafi Ad Giriş Elemanı Eğitim
Genel Alt Bölümü Tarih
650 ## - KONU KATMA GİRİŞ - TOPİKAL DÖNEM
Topikal Süreli Veya Coğrafi Ad Giriş Elemanı Eğitim
Coğrafi Alt Bölümü Türkiye
700 ## - KATMA GİRİŞ - KİŞİSEL İSİM
Kişisel Ad Dölen, Emre
700 ## - KATMA GİRİŞ - KİŞİSEL İSİM
Kişisel Ad Bahadır, Osman
700 ## - KATMA GİRİŞ - KİŞİSEL İSİM
Kişisel Ad Aras, Namık K.
942 ## - EKLENDİ GİRİŞ ELEMANLARI (KOHA)
Sınıflandırma Veya Raf Düzeni Kaynak
Koha Öğesi Türü Books
999 ## - SİSTEM KONTROL NUMARALARI (KOHA)
Koha Biblionumber 2808
Koha Biblioitemnumber 2808
Holdings
Kalıcı Konum Mevcut Konum Edinme Tarihi Edinim Kaynak Toplam Check-Out'Lar Tam Çağrı Numarası Barkod Tarih Son Görülme İtibaren Geçerli Fiyatlar Koha Öğesi Türü Kopya Sayısı
CHP Kütüphanesi CHP Kütüphanesi 10/24/2016 Bağış   378.561 T96 2007 007657 10/24/2016 10/24/2016 Books  
CHP Kütüphanesi CHP Kütüphanesi 10/24/2016 Bağış   378.561 T96 2007 007658 10/24/2016 10/24/2016 Books k.2